000 01036pam a2200325 a 4500
001 1022505
003 OSt
005 20210417103556.0
008 881205r19891950nyu b 001 0 eng
010 _a 88040505
020 _a0679723145 :
_c$6.95
040 _aDLC
_cDLC
_dDLC
050 0 0 _aLB1025
_b.H63 1989
080 _a37
_bH-65
082 0 0 _a371.1/02
_219
100 1 _aHighet, Gilbert,
_d1906-1978.
245 1 4 _aThe art of teaching /
_cGilbert Highet.
250 _aVintage Books ed.
260 _aNew York :
_bVintage Books,
_c1989, c1950.
300 _axvii, 268 p. ;
_c21 cm.
365 _b11 usd
500 _aReprint. Originally published: New York : Knopf, 1950.
500 _aIncludes index.
504 _aBibliography: p. [251]-259.
650 0 _aTeaching.
653 _aგანათლება
_aპედაგოგიკა
856 4 2 _3Publisher description
_uhttp://www.loc.gov/catdir/description/random045/88040505.html
906 _a7
_bcbc
_corignew
_d1
_eocip
_f19
_gy-gencatlg
942 _2udc
_cBK
999 _c166
_d166